000 00289nam a2200121 a 4500
001 4140
005 20140414131850.0
008 090218s19uu xx 00 eng d
050 _aM 595.7
_bW11 2003
100 _aWagner, Kathi
245 _aThe Everything kids bugs book.
999 _c110132
_d110132